Normal view
MARC view
- MISCELLNOUS
Entry Topical Term
001 - CONTROL NUMBER
- control field: 2156
003 - CONTROL NUMBER IDENTIFIER
- control field: OSt
005 - DATE AND TIME OF LATEST TRANSACTION
- control field: 20220705102943.0
008 - FIXED-LENGTH DATA ELEMENTS
- fixed length control field: 220705|| aca||aabn | a|a d
040 ## - CATALOGING SOURCE
- Original cataloging agency: OSt
- Transcribing agency: OSt
150 ## - HEADING--TOPICAL TERM
- Topical term or geographic name entry element: MISCELLNOUS
670 ## - SOURCE DATA FOUND
- Source citation: Work cat.: (OSt)4715: DR NAYENA KASKHEDIKER 2155, SWTRANTRALADHYATIL RATIYE PATRAKARITA, 2022